Ser humano en el siglo XXI : atrévete a pensar /

Estudio que analiza las líneas que han hilvanado la constitución de una cultura espiritual occidental, desde los datos que favorecieron la creación de una mentalidad mitológica hasta la consolidación de una mentalidad filosófica y científica. El propósito es dotar al hombre de los elementos que le p...

Whakaahuatanga katoa

I tiakina i:
Ngā taipitopito rārangi puna kōrero
Kaituhi matua: Ferraz Fayos, Antonio (autor)
Hōputu: Pukapuka
Reo:Pāniora
I whakaputaina: Granada, España : Comares, 2013, c2013
Rangatū:(Filosofía Hoy ; 48)
Ngā marau:
Ngā Tūtohu: Tāpirihia he Tūtohu
Kāore He Tūtohu, Me noho koe te mea tuatahi ki te tūtohu i tēnei pūkete!

MARC

LEADER 00000nam^a2200000^a^4500
001 000350966
005 20250521000000.0
009 20260310114957.938
020 |a 978-84-9045-074-1 
037 |a Acervo Xavier Clavigero 
041 |a ESP 
082 |a 128.  |b FER 
100 |a Ferraz Fayos, Antonio  |e (autor) 
245 1 0 |a Ser humano en el siglo XXI :  |b atrévete a pensar /  |c A. Ferraz Fayos. 
264 4 |a Granada, España :  |b Comares,  |c 2013, c2013 
300 |a 403 p. 
336 |a texto  |b txt  |2 rdacontenido 
337 |a sin mediación  |b n  |2 rdamedio 
338 |a volumen  |b nc  |2 rdasoporte 
440 1 |a (Filosofía Hoy ;  |v 48) 
520 |a Estudio que analiza las líneas que han hilvanado la constitución de una cultura espiritual occidental, desde los datos que favorecieron la creación de una mentalidad mitológica hasta la consolidación de una mentalidad filosófica y científica. El propósito es dotar al hombre de los elementos que le permitan a qué a tenerse y convocarlo a su humanización, no solo en lo privado sino desde un horizonte de apertura a lo social. 
649 |a XX 
650 |a Inteligencia -  |x Filosofía 
650 |a Epistemología 
650 |a Etica 
650 |a Antropología Filosófica -  |x Tema Principal 
650 |a Mitología Griega 
650 |a Filosofía de la Naturaleza 
650 |a Filosofía de la Ciencia 
650 |a Realidad -  |x Filosofía 
650 |a Filosofía del Siglo XXI 
910 |a Fondo General 
920 |a Impresos - Libros 
930 |a Colección General 
905 |a 101 
901 |a 0500241518  |b IT1  |c ACC  |i FXC C1092  |u 20250521 
902 |a https://opac.biblio.iteso.mx/vufind/Record/000350966